[Event "Ubeda"]
[Site "Ubeda"]
[Date "1997.02.15"]
[Round "6"]
[White "Timman, Jan H"]
[Black "Lautier, Joel"]
[Result "1/2-1/2"]
[WhiteElo "2630"]
[BlackElo "2630"]
[Annotator "Huzman,A"]
[PlyCount "120"]
[EventDate "1997.02.07"]
[EventType "tourn"]
[EventRounds "11"]
[EventCountry "ESP"]
[EventCategory "16"]
[SourceTitle "CBM 058"]
[Source "ChessBase"]
[SourceDate "1997.06.01"]
[SourceVersion "1"]
[SourceVersionDate "1997.06.01"]
[SourceQuality "1"]

1. d4 {Cifuentes,R} d5 2. c4 dxc4 3. Nf3 a6 4. e3 Nf6 5. Bxc4 e6 6. Qe2 c5 7.
dxc5 Bxc5 8. O-O Nc6 (8... Qc7 {Cifuentes,R} 9. Nbd2 $5 (9. e4 Ng4 10. e5 Nxf2
11. Nc3 $5 (11. Rxf2 Bxf2+ 12. Kxf2 b5 13. b3 O-O $1 14. Ba3 bxc4 15. Bxf8 $11)
11... b5 (11... Ne4+ 12. Kh1 Nxc3 13. bxc3 Be7 14. Ng5 Bxg5 15. Bxg5 Nc6 16.
Qh5 h6 17. Rad1 Rf8 18. Bh4 Bd7 19. Rd6 Nxe5 20. Qxe5 Qxc4 21. Rfd1 Qxh4 22.
Rxd7 Rc8 23. Rxb7 {1-0 Sokolov,Ivan-Brenninkmeijer,Joris/Amsterdam ch-NL (10)
1995}) (11... Nh3+ 12. Kh1 Nf2+ 13. Rxf2 Bxf2 14. Ne4 Bc5 15. Bf4 Be7 16. Nd6+
Kf8 17. Rf1 b5 18. Bb3 Nc6 19. Ng5 $44) 12. Bb3 Ne4+ 13. Kh1 Nxc3 14. bxc3 h6 (
14... Nc6 15. Ng5 Nxe5 16. Bf4 f6 17. Nxe6 Bxe6 18. Bxe6 $44) 15. Nd4 Qe7 (
15... Bb7 16. Bxe6 $1 fxe6 17. Nxe6 $18) 16. Qg4 g6 17. Be3 h5 (17... Bb7 18.
Bxe6 $1) 18. Qh3 Ra7 19. Rf6 O-O 20. Raf1 Bxd4 21. Bxd4 Rc7 22. Qe3 Kg7 23. Bc2
Nd7 24. Qg5 Qe8 25. Be3 $18 {Sokolov,I-Georgiev,K/Tilburg 1994}) 9... Nc6 10.
Bd3 Be7 11. b3 O-O 12. Bb2 Bd7 13. Rac1 Rfc8 14. Ne4 Nd5 15. Ne5 Be8 16. Nxc6
Bxc6 17. Qg4 $1 g6 18. Bc4 Qd8 19. Rfd1 b5 20. Bxd5 Bxd5 21. Rxc8 Qxc8 22. Nf6+
Bxf6 23. Bxf6 Qc2 24. Qd4 $1 $16 {Salov,V-Ivanchuk,V/ Tilburg 1994}) 9. e4 b5
10. Bb3 Nd4 11. Nxd4 Qxd4 (11... Bxd4 12. e5 $16) 12. Be3 $1 $146 {[#]} (12.
Nc3 {Hansen,LB} Qe5 $1 13. Be3 (13. Kh1 {Hansen,LB} b4 $13 (13... Bb7 14. f4
Qd4 $1)) 13... Bxe3 14. Qxe3 Ng4 15. Qh3 (15. Qg3 {Cifuentes,R} Qxg3 16. hxg3
Ke7 17. Rac1 Bd7 $11 {Sokolov,I-Lautier,J/ Wijk aan Zee 1997}) 15... h5 $10 {
1/2-1/2 Sokolov,I-Van Wely,L/Groningen 1995 (45)}) (12. e5 {Cifuentes,R} Qe4
$11) 12... Qxe4 (12... Qe5 13. Bxc5 Qxc5 14. e5 Nd7 15. Re1 Bb7 16. Nd2 (16.
Nc3 {Cifuentes,R} O-O 17. Rad1 Rfd8 $14)) 13. Nd2 Qf5 (13... Qe5 14. Qf3 (14.
Nf3 Qh5) 14... Bd6 $8 15. g3 (15. Qc6+ $2 Ke7 16. Nf3 Qe4 $17) 15... Nd5 (15...
Rb8 16. Bf4 Qc5 17. Rac1 $18 (17. Rac1 Qb4 18. a3 $18)) 16. Bf4 $16 (16. Rae1
$1 {Cifuentes,R} O-O 17. Bf4 Qxb2 18. Bxd6 Qxd2 19. Rd1 $18)) 14. g4 Qe5 15.
Nf3 Qe4 (15... Qd6 16. Rfd1 Qb6 17. Bxc5 Qxc5 18. Rac1 Qe7 19. g5 Nh5 (19...
Nd7 20. Rc7 $36) 20. Qe5 $16 {[%cal Gc1c7]}) 16. Ng5 Qc6 (16... Qe5 17. Qf3 Bd6
(17... Bxe3 18. Qxa8 O-O 19. Nf3 (19. Nxf7 $5 Kxf7 (19... Qf4 20. fxe3 Qxg4+ (
20... Qxe3+ 21. Kh1 Qb6 22. Nd6 Qxd6 23. Rac1 Qd7 24. Qf3 $1 Kh8 (24... Bb7 25.
Bxe6+ $18) 25. Qe3 Bb7+ 26. Kg1 Ba8 27. Bd1 $16) 21. Qg2 $16) 20. fxe3 Qxe3+
21. Rf2 {/\22Qf3} Qb6 22. Re1 $16) 19... Qc5 $1 (19... Qd6 20. fxe3 Qb6 21. g5
Bb7 22. Qxb7 $1 (22. Qxf8+ Kxf8 23. gxf6 Qxe3+ 24. Kg2 Qg5+ $13 (24... g5 $5))
22... Qxb7 23. gxf6 $14 {/+/-}) 20. fxe3 Qxe3+ 21. Kh1 Qb6 22. g5 Bb7 23. Qxf8+
(23. Qxb7 $5 Qxb7 24. gxf6 gxf6 25. Rf2 $40) 23... Kxf8 24. gxf6 g5 $1 25. h3
h5) 18. Rfd1 $1 Qxh2+ 19. Kf1 $18) (16... Qb4 17. Qf3 Bxe3 (17... Rb8 18. Qc6+
Nd7 19. Bxe6 $1 O-O (19... Bxe3 20. Nxf7 Qc5 (20... Rf8 21. fxe3 $18) 21. Rac1
$5 Qxc6 22. Rxc6 Bb7 23. Nd6+ Ke7 24. Nxb7 Bf4 (24... Ne5 25. Rxa6 $16) 25. Bd5
$1 $16) (19... fxe6 20. Qxe6+ Kd8 (20... Be7 21. Qf7+ Kd8 22. Ne6#) 21. Bxc5
Qxc5 (21... Nxc5 22. Qd6+ $18) 22. Nf7+ Kc7 23. Rac1 $18) 20. Nxf7 $1 (20. Bxd7
Bxe3 21. fxe3 Qe7 22. Bxc8 Qxe3+) 20... Rb6 (20... Rxf7 21. a3 $18) 21. Ne5+
Kh8 22. Bxc5 Qxc5 23. Qxc5 Nxc5 24. Bxc8 Rxc8 25. Rac1 $18) 18. Qxa8 Bxg5 (
18... Qxg4+ 19. Kh1 O-O 20. Rg1 Qxg5 21. Rxg5 Bxg5 22. Rd1 $18) 19. Qxc8+ Ke7
20. Qb7+ Kf8 21. h3 h5 22. Rad1 hxg4 23. Rd8+ Ne8 24. Rxe8+ $1 Kxe8 25. Rd1 $1
gxh3 26. Qc8+ Ke7 27. Rd7+ Kf6 28. Rxf7+ $1 $18) 17. Rac1 (17. Bxc5 {Cifuentes,
R} Bb7 $1) 17... Bb7 (17... Nd7 {Cifuentes,R} 18. Bxc5 Nxc5 19. Qe3 Bb7 20. f3
Rc8 21. Ne4 $18) 18. f3 Bxe3+ 19. Qxe3 Qd6 (19... Qd7 20. Nxe6 fxe6 21. Bxe6
Qe7 22. Rfe1 Ne4 (22... Kf8 23. Qe5 $1 $18) 23. Bb3 $18) (19... Nd5 {Cifuentes,
R} 20. Bxd5 $1 (20. Qd4 Qb6 21. Qxb6 Nxb6 22. Nxf7 $1 Kxf7 23. Rc7+ Kf6 24.
Rxb7 $16) 20... Qxd5 21. Rfd1 Qxa2 22. Rc7 O-O $8 23. Rxb7 Qxb2 24. Qe4 g6 25.
Rxf7 $1 $18) 20. Nxe6 $1 fxe6 21. Bxe6 Kf8 $8 (21... Ne4 {Cifuentes,R} 22. Bb3
$18) (21... Qe7 {Cifuentes,R} 22. Rfe1 Kf8 23. Qb6 $1 Bxf3 24. Rc7 Qb4 25. Rf7+
Ke8 26. Re5 $1 $18) 22. Rfd1 Qe7 (22... Bd5 23. Bxd5 Nxd5 24. Qe4 (24. Qd4 {
Cifuentes,R} Re8 $1) 24... Rd8 25. Qf5+ Kg8 (25... Ke8 26. Rxd5 Qxd5 27. Re1+
$18) (25... Qf6 26. Rxd5 $18) 26. Rc8 $1 $18) (22... Nd5 23. Bxd5 Bxd5 24. Rc5
$18) 23. g5 (23. Qb6 $2 {Cifuentes,R} Bxf3 $19) 23... Re8 (23... Nd5 24. Rxd5
Bxd5 25. Qf4+ $18) (23... Bd5 {Cifuentes,R} 24. gxf6 Qxe6 25. fxg7+ Kxg7 26.
Rc7+ $18) 24. gxf6 gxf6 (24... Qxf6 25. Qa3+ $1 Qe7 26. Rc7 $1 Qxa3 (26... b4 {
Cifuentes,R} 27. Qxb4 $3 $18) 27. Rf7+ Kg8 28. Rf6+ Rxe6 29. Rd8+ $18) 25. Qh6+
(25. Kf2 $5 h5 (25... Qxe6 26. Qxe6 (26. Qh6+ {Cifuentes,R} Kf7 27. Rc7+ Re7
28. Qh5+ Kg7 (28... Kf8 29. Rd8+ Kg7 30. Rxe7+ Qxe7 31. Qg4+ $18) 29. Rxe7+
Qxe7 30. Rg1+ Kf8 31. Qh6+ Ke8 32. Re1 $18) 26... Rxe6 27. Rd8+ Re8 28. Rxe8+
Kxe8 29. Rc7 $16) (25... Rg8 $2 26. Qh6+ Qg7 (26... Rg7 27. Rd7 $18) 27. Rd7
$18 (27. Rc7 $18)) (25... h6 $8 26. Re1 Qd6 $1 {[#]} 27. Qc5 Qxc5+ 28. Rxc5 Rh7
$11) 26. Qb6 (26. Re1 Qd6) 26... Qxe6 27. Qxe6 Rxe6 28. Rd8+ Re8 29. Rxe8+ Kxe8
30. Rc7 h4 $1 31. Rxb7 Rh5 $14 {[%cal Gh5c5]}) (25. Re1 $1 {Cifuentes,R} Rg8+
26. Kf2 Rg7 (26... Rg5 $2 27. Qf4 Qg7 28. Bg4 $1 Rge5 29. Rxe5 Rxe5 30. Rd1 Qe7
31. Rd7 Re2+ 32. Kg3 $18) 27. Qf4 (27. Qh6 Qd8 28. Rc7 Qd4+ $19) 27... Qd8 $8
28. Rc5 $16) 25... Qg7+ 26. Qxg7+ Kxg7 27. Rc7+ Kh6 28. Rd6 $16 (28. Bf7 {
Cifuentes,R} Rb8 29. Kf2 Rhc8 30. Rdd7 Rxc7 31. Rxc7 Bc8 32. Bd5 Bf5 33. Rc6
Rd8 $11) 28... Bc8 (28... Bxf3 29. Bf7 $18) (28... Rb8 {Cifuentes,R} 29. Kf2
$16) 29. Bxc8 (29. Bd5 Rd8 $1 (29... Re2 30. Rxf6+ (30. Be4 $1 $36) 30... Kg5
31. Rfc6 Bf5 $132) 30. Rxf6+ Kg5 31. Rfc6 Rxd5 32. Rxc8 Rxc8 33. Rxc8 Rd2 $11)
(29. Bf7 $5 Re2 (29... Rd8 30. Rxf6+ Kg5 31. Rfc6 Kf4 32. Bb3 $40) 30. f4 Rf8
31. Rxf6+ Kg7 32. Bh5+ Kxf6 33. Bxe2 $16) 29... Rxc8 30. Rxf6+ Kg5 31. Rxc8
Rxc8 32. Rxa6 Rc2 $1 (32... Kf4 $5 33. Rf6+ Ke3 34. Kg2 (34. b4 Rc2 35. a3 Ra2
{-see game}) 34... Rc2+ 35. Kg3 Rxb2 36. Re6+ Kd3 37. Rb6 Kc4 38. Ra6 $16) (
32... Rc1+ {Cifuentes,R} 33. Kf2 Rc2+ 34. Kg3 Rxb2 35. h4+ Kf5 $14) 33. b4 Kf4
34. Rf6+ Ke3 35. a3 Ra2 36. Rf5 Rxa3 (36... Rb2 37. Rxb5 Kxf3 38. Rf5+ Ke4 (
38... Ke3 39. Rh5 $18) 39. Rf2 Rb3 40. Ra2 Kf3 41. Ra1 Rb2 42. a4 Rxb4 43. a5
Rb7 44. a6 Ra7 45. Ra3+ Ke4 46. Kf2 $18) 37. Kg2 Rb3 38. Re5+ (38. Rxb5 Kf4 39.
Rb8 Rb2+ 40. Kh3 Kxf3 41. b5 Ke4 42. Kg3 Kd5 43. h4 Rb4 $11 (43... Rb4 $1 {
Cifuentes,R} 44. h5 h6 $1 45. Rb6 (45. b6 Kc5 $11) 45... Ke5 $11) (43... Kc5 $4
44. Kg4 Rg2+ 45. Kh5 Rg7 46. b6 Kc6 47. Kh6 Re7 48. h5 Re5 49. Rh8 Kxb6 50.
Rxh7 Re6+ 51. Kg7 Kc5 52. Kf8 $1 Kd4 53. Rd7+ Ke5 54. Kg7 Kf5 55. Rd5+ Ke4 56.
Ra5 $18)) 38... Kf4 39. Re4+ Kf5 40. Kg3 Rb2 41. Rh4 Kf6 42. h3 (42. Rxh7 {
Cifuentes,R} Rxb4 $11) 42... Rb3 43. Rf4+ Kg6 44. Rd4 Rb1 45. Kh4 (45. Kf4 Kf6)
45... Kf6 46. Kg4 Ke5 47. Re4+ Kf6 48. Rd4 Ke5 49. Re4+ Kf6 50. Rf4+ Kg6 51.
Rd4 h5+ 52. Kg3 Kf7 53. Kf4 Kf6 54. Ke3 Ke5 55. f4+ (55. Rh4 {Cifuentes,R} Rb3+
56. Ke2 Kf6 $11) 55... Ke6 56. Kd3 Rd1+ 57. Kc3 Rc1+ 58. Kd2 Rb1 59. Ke3 Re1+
60. Kd2 Rf1 1/2-1/2

[Event "Bundesliga 0203"]
[Site "Germany"]
[Date "2003.03.15"]
[Round "13.7"]
[White "Dinstuhl, Volkmar"]
[Black "Van den Doel, Erik"]
[Result "0-1"]
[WhiteElo "2416"]
[BlackElo "2594"]
[Annotator "Huzman,A"]
[PlyCount "112"]
[EventDate "2002.10.19"]
[EventType "team-tourn"]
[EventRounds "15"]
[EventCountry "GER"]
[SourceTitle "CBM 094"]
[Source "ChessBase"]
[SourceDate "2003.05.26"]
[SourceVersion "1"]
[SourceVersionDate "2003.05.26"]
[SourceQuality "1"]
[WhiteTeam "Wattenscheid"]
[BlackTeam "Porz"]
[WhiteTeamCountry "GER"]
[BlackTeamCountry "GER"]

1. d4 d5 2. c4 dxc4 3. Nf3 e6 4. e3 a6 5. Bxc4 c5 6. O-O Nf6 7. Qe2 b5 8. Bb3
Bb7 9. Rd1 Nbd7 10. Nc3 Qb8 11. d5 Nxd5 12. Bxd5 Bxd5 13. Nxd5 exd5 14. Rxd5
Be7 15. e4 Nb6 16. Rd1 (16. Rh5 O-O 17. Be3 (17. e5 Qc8 18. Qe4 g6 19. Rh3 Qe6
20. Bg5 f5 21. Qh4 Rf7 22. Rd1 Re8 23. Bxe7 Rfxe7 24. g3 Rd7 25. Re1 {0-1 Vogt,
A-Heinbuch,D/Bad Oeynhausen 1984/EXT 2001 (32)} (25. Rd6 $1)) 17... Qc7 (17...
Qc8 18. Rc1 g6 19. Rh3 Qg4 20. Bxc5 Rac8 21. Qe3 (21. b4) 21... Rxc5 22. Rxc5
Bxc5 $15 {0-1 Ostenstad,B-Morovic Fernandez,I/Thessaloniki 1984/EXT 97-B (32)})
18. Rc1 Nc4 19. Bg5 Rfe8 (19... f6 20. Bh4 Rad8 21. Rd5 Nb6 22. Bg3 Qc8 23.
Rxd8 Rxd8 24. h4 Qd7 $15 {0-1 Pasman,M-Pohla,H/Riga 1968/MCD (51)}) 20. b3 Ne5
21. Nxe5 Bxg5 22. Rxg5 Rxe5 $11 23. Rxe5 Qxe5 24. Qd3 g6 25. g3 Re8 26. a4 bxa4
27. bxa4 Qxe4 28. Qxa6 Ra8 29. Qb5 {1/2-1/2 Kuligowski,A-Heinbuch,D/Hamburg
1984/MCD (29)}) 16... O-O 17. e5 Qc8 18. Qc2 (18. Bg5 Qe6 19. Bxe7 Qxe7 20. Rd6
Nc4 21. Rd5 Rfd8 22. Rad1 Rxd5 23. Rxd5 Rd8 24. Rxd8+ Qxd8 25. e6 Qe7 {1/2-1/2
Koch,W-Bachmann,K/Germany 1995/GER (25)}) 18... h6 $1 $15 {Black enjoys a
Q-side pawn advantage, while White has no counterplay. That's why Black's
position is bound to get ever better.} 19. b3 (19. Be3 Nc4 $15) 19... Qe6 20.
a4 Rfd8 21. axb5 axb5 22. Bb2 (22. Rxd8+ $142 Rxd8 23. Be3 Nd5 24. Bd2 $15)
22... Rxd1+ 23. Qxd1 (23. Rxd1 Nd5 24. Rd2 Nb4 25. Qc3 Ra2 $36 {[%csl Rb3]
[%cal Ye6f5,Yf5b1]}) 23... Rd8 24. Qc2 Qd5 $1 25. h3 Qd3 $17 {The "b3"
weakness proves to be crucial} 26. Rc1 $8 Qxc2 27. Rxc2 Rd3 28. Nd2 Nd5 29. Ne4
(29. Ba3 Nf4 30. Ne4 b4 31. Bc1 Ne6 32. Be3 Rxb3 $19 33. Bxc5 $140 (33. Kf1 Rd3
34. Ke2 Rd5 $19) 33... Rb1+ 34. Kh2 b3 35. Rc3 Nxc5 36. Nxc5 b2 $19) 29... Nb4
$1 (29... Rxb3 30. Nxc5 Bxc5 31. Rxc5 Nf4 $17) 30. Rc3 Rd1+ 31. Kh2 Nd3 32. Rc2
Rb1 (32... b4 $5 33. Nd6 Bxd6 34. exd6 Nxb2 35. Rxb2 Rxd6 36. Rc2 Rd3 37. Rxc5
Rxb3 38. Rb5 $17) 33. Rd2 $1 Nxb2 34. Nc3 Bg5 35. Nxb1 Bxd2 36. Nxd2 c4 $1 (
36... Nd3 37. Kg3 Nxe5 38. Kf4 $44) 37. bxc4 Nxc4 $19 {A passing pawn
advantage is more than enough to win} 38. Nb3 Nxe5 39. Kg3 f6 $6 (39... Nd3 $1
40. Kf3 $140 Ne1+ $19) 40. Kf4 $132 Kf7 41. Ke4 b4 42. f4 Ng6 43. g3 (43. f5
Ne5 44. Kd5 $132 g6 45. fxg6+ Kxg6 46. Nd4 Nd3 47. Kc4 Nf4 $19) 43... Ne7 44.
Nd4 $2 (44. Kd3 Ke6 45. Kc4 Kf5 46. Nc5 (46. Kxb4 Ke4 47. Kc5 (47. Nc5+ Kf3 48.
Ne6 g6 49. g4 Nd5+ $19) 47... h5 (47... Kf3 48. Nd4+ Kxg3 49. Kd6 Ng6 50. Nf5+
Kxh3 51. Nxg7 Nxf4 52. Ke7 Nd5+ 53. Ke6 Kg4 54. Kxd5 h5 55. Ke4 $11) (47... Nf5
48. g4 Nh4 49. Nd4 g6 50. Ne6 Ng2 51. g5 hxg5 52. fxg5 f5 $19) 48. Nd4 Nf5 49.
Ne6 Kf3 50. g4 hxg4 51. hxg4 Kxg4 52. Kd5 Kf3 $19) 46... h5 47. Kxb4 h4 $19) (
44. f5 $142) 44... g6 $1 45. g4 (45. Kd3 Nf5 46. Ne2 (46. Nxf5 gxf5 47. Kc4 Ke6
48. Kxb4 Kd5 $19) 46... Ke6 $1 47. Kc4 Ne3+ 48. Kxb4 Kf5 49. Kc3 Ke4 50. Kd2 h5
$22 $19) 45... f5+ $1 46. Kd3 (46. gxf5 Nxf5 $19) 46... fxg4 47. hxg4 Nd5 $1
48. Ke4 (48. f5 g5 49. Kc4 (49. Ke4 Nf6+ 50. Kf3 Ke8 {[%cal Ye8d7,Yd7d5]})
49... Ne3+ 50. Kxb4 Nxg4 51. Kc4 Kf6 52. Kd3 (52. Kd5 Nf2 $19) 52... Ke5 $19) (
48. Kc4 Nxf4 49. Kxb4 Nd3+ 50. Kc3 (50. Kc4 Ne5+ $19) (50. Kb3 Kf6 51. Nf3 g5
52. Kc3 Nf2 53. Nh2 Ke5 $19) 50... Nf2 51. g5 Ne4+ $19) 48... Nf6+ 49. Kf3 h5
$1 50. gxh5 (50. g5 Nd5 51. Ke4 (51. f5 gxf5 52. Nxf5 Kg6 $19) 51... Ne7 $19)
50... gxh5 51. Kg3 Nd5 52. Kf3 (52. Kh4 Nxf4 53. Kg5 Ne6+ $19) (52. f5 Kf6 53.
Kh4 Nf4 54. Kg3 Kg5 $19) 52... Kf6 53. Nb3 Ne7 $1 54. Ke4 h4 55. Nd4 (55. Kf3
Nf5 56. Kg4 Ke6 57. Nd2 Kd5 $19) 55... h3 56. Nf3 (56. Kf3 Nd5 57. Kg3 (57. f5
Ne3 $1 $19) 57... Nxf4 $19) 56... b3 (56... b3 57. Kd3 Kf5 58. Kc3 Kxf4 59. Nh2
Nf5 60. Kxb3 Kg3 61. Nf1+ Kg2 $19) 0-1

[Event "Bermuda-A"]
[Site "Bermuda"]
[Date "2002.01.22"]
[Round "2"]
[White "Lesiege, Alexandre"]
[Black "Krush, Irina"]
[Result "1/2-1/2"]
[WhiteElo "2572"]
[BlackElo "2424"]
[Annotator "Huzman,A"]
[PlyCount "116"]
[EventDate "2002.01.21"]
[EventType "tourn"]
[EventRounds "9"]
[EventCountry "BER"]
[EventCategory "10"]
[SourceTitle "CBM 088"]
[Source "ChessBase"]
[SourceDate "2002.03.21"]
[SourceVersion "1"]
[SourceVersionDate "2002.03.21"]
[SourceQuality "1"]

1. d4 d5 2. c4 dxc4 3. e3 Nf6 4. Bxc4 e6 5. Nf3 c5 6. Qe2 a6 7. dxc5 Bxc5 8.
O-O Nc6 9. e4 b5 10. Bb3 Nd4 11. Nxd4 Qxd4 12. Be3 Qxe4 (12... Qe5 13. Bxc5
Qxc5 14. e5 Nd7 15. Re1 Bb7 16. Nd2 $14) 13. Nd2 Qf5 (13... Qe5 14. Qf3 Bd6 15.
g3 Nd5 (15... Rb8 16. Bf4 Qc5 17. Rac1 $18) 16. Bf4 $16 (16. Rae1 $1 {
Cifuentes,R} O-O 17. Bf4 Qxb2 18. Bxd6 Qxd2 19. Rd1 $18)) 14. g4 Nxg4 $146 (
14... Qe5 15. Nf3 Qe4 (15... Qd6 16. Rfd1 Qb6 17. Bxc5 Qxc5 18. Rac1 Qe7 19. g5
Nh5 (19... Nd7 20. Rc7 $36) 20. Qe5 $16 {[%cal Gc1c7]}) 16. Ng5 Qc6 17. Rac1
Bb7 18. f3 Bxe3+ 19. Qxe3 Qd6 20. Nxe6 $1 fxe6 21. Bxe6 Kf8 $8 22. Rfd1 Qe7 23.
g5 Re8 24. gxf6 gxf6 25. Qh6+ {1/2-1/2 Timman,J-Lautier,J/Ubeda 1997/CBM 58/
[Huzman] (60)} (25. Re1 $1 Rg8+ 26. Kf2 Rg7 27. Qf4 Qd8 28. Rc5 $16)) 15. Bxc5
Bb7 (15... Qf4 16. f3 Nxh2 17. Qxh2 Qg5+ 18. Kh1 Qxc5 19. Ne4 $16) 16. Rfe1 (
16. Rac1 $1 {Timman,J} Qg6 (16... Ne5 17. f3 (17. Rc3) 17... Nd3 18. Qe3 Nxc1
19. Rxc1 $16) (16... Rd8 17. f3 Nxh2 18. Qxh2 Qg5+ 19. Qg2 Qxg2+ 20. Kxg2 Rxd2+
21. Rf2 $16) 17. f3 Ne3+ 18. Kh1 Nxf1 19. Qxf1 $16 {[%csl Re8]}) 16... Rd8 17.
Nf1 $2 (17. Rad1 $1 Qg6 18. Bxe6 $1 fxe6 (18... Ne5+ 19. Bg4 $18) 19. Qxe6+
Qxe6 20. Rxe6+ Kd7 21. Re7+ Kc8 22. Bb6 Rde8 23. Rc1+ Kb8 24. Rxg7 Rhg8 25.
Bc7+ Ka8 26. Rxg8 Rxg8 27. Bg3 $16) 17... Qxc5 $2 (17... Ne5 $1 18. Bxe6 (18.
Qxe5 Qf3 19. Qxe6+ fxe6 20. Rxe6+ Kd7 21. Re7+ Kc8 $19) 18... Qf3 $1 (18...
fxe6 $2 19. Qxe5 $18) 19. Bd5 Qxe2 20. Rxe2 Rxd5 $19) 18. Qxg4 Qc6 19. f3 Qxf3
20. Qxf3 Bxf3 $14 21. a4 (21. Kf2 Ba8 22. Rac1 Ke7 23. Ng3 Rd2+ 24. Re2 Rhd8
$14) 21... O-O 22. axb5 axb5 23. Re5 b4 24. Rb5 Rb8 25. Rxb8 Rxb8 26. Nd2 (26.
Ra7 $5) 26... Bc6 27. Kf2 (27. Rc1 $142 $16) 27... g5 28. Ra7 (28. Ra5 h6 29.
Rc5 $16) 28... Rb5 $1 29. Rc7 Rf5+ 30. Ke3 Bh1 31. Rc1 Bb7 32. Rc7 Bh1 33. Rc4
Re5+ 34. Kf2 Rb5 35. Ba4 Rb6 36. Rc7 Bd5 37. Nf3 f6 38. Nd4 Rd6 39. Ke3 h5 40.
Bc6 $1 Bxc6 41. Rxc6 $2 (41. Nxc6 $5 b3 42. Nd4 h4 43. Rb7 g4 44. Rxb3 Kf7 45.
Rb7+ Kg6 46. b4 f5 47. b5 $16) 41... Rxc6 42. Nxc6 Kf7 43. Nxb4 e5 $1 44. Nd3
g4 45. b4 Ke6 46. Nc5+ Ke7 47. b5 f5 48. b6 f4+ 49. Ke4 Kd6 50. b7 Kc7 51. Nd7
Kxb7 52. Nxe5 f3 53. Ke3 Kc7 54. Ng6 Kd6 55. Nf4 h4 56. Ng6 Ke6 $1 (56... g3
57. h3 f2 58. Ke2 Kd5 59. Nxh4 Ke4 60. Ng2 Kf5 61. Kf1 Kg5 62. Ne3 Kf4 $11) 57.
Nxh4 Kf6 58. Kf2 Kg5 1/2-1/2

[Event "POL-ch 59th"]
[Site "Warsaw"]
[Date "2002.05.12"]
[Round "13"]
[White "Krasenkow, Michal"]
[Black "Markowski, Tomasz"]
[Result "1-0"]
[WhiteElo "2641"]
[BlackElo "2538"]
[Annotator "Huzman,A"]
[PlyCount "59"]
[EventDate "2002.04.29"]
[EventType "tourn"]
[EventRounds "13"]
[EventCountry "POL"]
[EventCategory "10"]
[SourceTitle "CBM 089"]
[Source "ChessBase"]
[SourceDate "2002.08.12"]
[SourceVersion "1"]
[SourceVersionDate "2002.08.12"]
[SourceQuality "1"]

{[%mdl 2]} 1. d4 d5 2. c4 dxc4 3. Nf3 Nf6 4. e3 e6 5. Bxc4 a6 6. O-O b5 7. Bb3
Bb7 8. a4 Nbd7 9. Qe2 b4 10. Nbd2 c5 11. a5 Be7 12. Nc4 O-O 13. Bd2 Qc7 (13...
Bd5 14. Rfc1 Qb8 15. Ba4 (15. Be1 Qb7 16. Ncd2 Rfc8 17. Bxd5 Qxd5 18. Rc4 cxd4
19. Nxd4 Rxc4 20. Nxc4 e5 21. Nf5 Bf8 22. Rd1 Qb5 23. Kf1 Rb8 24. Ncd6 Qxe2+
25. Kxe2 g6 26. Ng3 Nc5 $15 {0-1 Dyachkov,S-Rublevsky,S/Elista 1996/CBM 56 (55)
}) 15... Rc8 16. e4 Bc6 17. Bxc6 Rxc6 18. Nfe5 Nxe5 19. dxe5 Nd7 20. f4 Qb5 21.
b3 $16 {1-0 Huebner,R-Rublevsky,S/Polanica Zdroj 1996/CBM 55 (54)}) (13... cxd4
14. exd4 Qb8 15. Rfe1 Bd5 16. Bc2 Qb7 17. Nce5 b3 18. Bd3 Nxe5 19. dxe5 Nd7 20.
Rac1 Rfd8 $2 21. Ng5 $1 h6 22. Nxf7 $1 $18 {1-0 Vladimirov,E-Murshed,N/
Calcutta 2001/CBM 85/[Atlas,V] (30)}) 14. Rfc1 Bd5 (14... Rac8 15. Ba4 Bc6 16.
Bxc6 Qxc6 17. Nce5 Qb7 18. Nxd7 Nxd7 19. Be1 Rc7 20. Rc2 Rfc8 21. Rac1 h6 $11 {
1-0 Sokolov,I-Hjelm,N/Lunds 2001/CBM 81 ext (37)}) 15. Ba4 Qb7 16. Nfe5 (16.
dxc5 Bxc5 17. Nce5 Rfc8 18. Nxd7 Nxd7 19. e4 Bc6 20. Bc2 e5 21. Bd3 Bd6 22. Be3
Rcb8 23. Nd2 Bb5 24. Bxb5 Qxb5 25. Qxb5 Rxb5 26. Nb3 $16 {[%cal Gc1c6] 1-0
Dyachkov,S-Nachev,S/Saratov 1999/CBM 73 ext (46)}) 16... Rad8 (16... Nxe5 17.
dxe5 Ne8 18. f3 (18. Nb6 Bxg2 (18... Rd8 19. f3 $16) 19. Nxa8 Qxa8 $44) 18...
Bxc4 19. Rxc4 Nc7 20. e4 Nb5 $132 21. Qf2 $14) (16... cxd4 $5 17. exd4 Bxg2 18.
f3 Nxe5 19. Nxe5 Bh3 20. Bc6 Qa7 21. Bxa8 Qxd4+ 22. Kh1 Rxa8 23. Nc6 Qd7 24.
Nxe7+ Qxe7 25. Rc6 $13) 17. f3 {Black starts strange series of exchanges that
give White a decisive positional advantage.} cxd4 $6 (17... Bxc4 18. Rxc4 (18.
Nxc4 cxd4 19. exd4 Qa7 20. Be3 Nd5 21. Bf2 Rc8 $11) 18... Nxe5 19. dxe5 Nd7 20.
f4 $14) 18. exd4 Nxe5 $2 (18... Rc8 19. Bg5 Bxc4 20. Nxc4 Qd5 21. Be3 Rfd8 $11)
19. dxe5 Bxc4 (19... Nd7 20. Nd6 Qb8 21. Bxd7 Rxd7 22. Qxa6 Bxd6 23. exd6 Rxd6
24. Qe2 $14 {[%cal Ga5a7]}) 20. Rxc4 Nd7 (20... Nd5 21. Bc6 Qa7+ 22. Kh1 $16 {
[%csl Ra6,Rb4]}) 21. Bc6 Qb8 22. f4 $16 Nc5 $2 {[%mdl 8192] After positional
mistakes Markowski makes a tactical mistake. Probably it was a very bad day
for the strong Polish grandmaster.} 23. Bxb4 Nb3 24. Bxe7 Nxa1 25. Bxf8 Kxf8
26. Ba4 $18 {[%csl Ra1]} Nb3 27. Qe3 $1 Nd2 (27... Rd1+ 28. Kf2 Rd2+ 29. Ke1
Nxa5 (29... Rxb2 30. Qc3 Rb1+ 31. Kf2 Qa7+ 32. Kg3 $18) 30. Qc5+ $18) 28. Rd4
$1 Qc7 29. Rxd8+ Qxd8 30. Qb6 $1 (30. Qb6 Qd3 31. Qb8+ Ke7 32. Qe8#) 1-0